Introduction to the theory of statistics / (Record no. 10018)
[ view plain ]
| 000 -LEADER | |
|---|---|
| fixed length control field | 00493cam a2200193ua 4500 |
| 041 ## - LANGUAGE CODE | |
| Language code of text/sound track or separate title | eng |
| 082 ## - DEWEY DECIMAL CLASSIFICATION NUMBER | |
| Classification number | 519.01 |
| Item number | EDN/IN |
| 100 ## - MAIN ENTRY--AUTHOR NAME | |
| Personal name | Udny, Yule G . |
| 245 ## - TITLE STATEMENT | |
| Title | Introduction to the theory of statistics / |
| 250 ## - EDITION STATEMENT | |
| Edition statement | 14 / |
| 260 ## - PUBLICATION, DISTRIBUTION, ETC. (IMPRINT) | |
| Place of publication | London : |
| Name of publisher | Charles Griffin and Company , |
| Year of publication | 1965. |
| 300 ## - PHYSICAL DESCRIPTION | |
| Number of Pages | 701 ; . |
| 700 1# - ADDED ENTRY--PERSONAL NAME | |
| Personal name | Kendall, M G . |
| 942 ## - ADDED ENTRY ELEMENTS (KOHA) | |
| Koha item type | Books |
| Withdrawn status | Lost status | Damaged status | Home library | Current library | Date acquired | Full call number | Accession Number | Koha item type |
|---|---|---|---|---|---|---|---|---|
| Withdrawn | KAUAET | KAUAET | 07/04/2012 | 519.01 YUL/IN | 10485 A | Books |
